000 00546nam a22002057a 4500
003 OSt
005 20220811123427.0
008 220811b |||||||| |||| 00| 0 eng d
020 _a8184110251
040 _cIFM Library
082 _a332.1 PAT
100 _aPatnaik, Umesh C.
_97917
245 _aBanking Marketing.
260 _aNew Delhi:
_bSonali.
_c2006
300 _aix,255p.:
_bill.;23cm
500 _aIncludes bibliography and index.
650 _aBanking-Marketing.
_97918
700 _a Chhatoi, Basudev
_97919
942 _cBK
_2ddc
_n0
999 _c12267
_d12267